000 00359nam a2200169Ia 4500
008 240830s1967 xx 000 0 und d
041 _ahin
082 _a1
100 _aYADAVSHARMANA
245 _aGADH NIGRAH-1
250 _a1
260 _aSANGAI
_bN.D.
_c1967
300 _a100p
440 _vI
906 _aGADH NIGRAH-1
999 _c1183950
_d1183950